|
|
|
|
| LEADER |
01460nam a2200265 a 4500 |
| 001 |
4376131 |
| 008 |
090611s1989 my a b i101 0 eng d |
| 010 |
|
|
|a 90946393
|
| 040 |
|
|
|a DLC
|c DLC
|d DLC
|
| 082 |
0 |
0 |
|a 307.1/4/095
|2 20
|
| 245 |
0 |
0 |
|a Community participation in project management :
|b the Asian experience /
|c edited by Michael Bamberger, Khalid Shams.
|
| 260 |
|
|
|a Kuala Lumpur, Malaysia :
|b Asian and Pacific Development Centre ;
|a [Washington, D.C.] :
|b Economic Development Institute of the World Bank,
|c c1989.
|
| 300 |
|
|
|a vii, 231 p. :
|b ill. ;
|c 26 cm.
|
| 500 |
|
|
|a Proceedings of Asian Seminar on Community Participation held at APDC, Kuala Lumpur on 4-9 July 1988 jointly organized by Asia and Pacific Development Centre and Economic Development Institute.
|
| 504 |
|
|
|a Includes bibliographical references (p. [225]-226) and index.
|
| 541 |
1 |
|
|e 00004808
|
| 650 |
|
0 |
|a Community development
|z Asia
|x Congresses.
|
| 700 |
1 |
|
|a Bamberger, Michael.
|
| 700 |
0 |
|
|a Khalid Shams.
|
| 710 |
2 |
|
|a Asian and Pacific Development Centre.
|
| 710 |
2 |
|
|a Economic Development Institute (Washington, D.C.)
|
| 711 |
2 |
|
|a Asian Seminar on Community Participation
|d (1988 :
|c Kuala Lumpur, Malaysia)
|
| 852 |
4 |
|
|a Ayesha Abed Library
|j General shelf
|
| 999 |
|
|
|c 1315
|d 1315
|
| 952 |
|
|
|0 0
|1 0
|2 ddc
|4 0
|6 307_140950000000000_COM
|7 0
|9 1197
|a BRACUL
|b BRACUL
|c GEN
|d 2009-06-25
|g 0.00
|l 0
|o 307.14095 COM
|p 3010004808
|r 2009-06-25
|t 1
|w 2009-06-25
|y BK
|x No price found in the accession register.
|